[Event "BSenEM 2014"]
[Site "Berlin"]
[Date "2014.01.30"]
[Round "1.1"]
[White "Krusemark, Gerhard"]
[Black "Simon, Ralf-Axel"]
[Result "0-1"]
[WhiteElo "1667"]
[BlackElo "2190"]
[Annotator "Jaeger,André"]
[PlyCount "57"]
[EventDate "2014.01.30"]
[WhiteTeam "TSG RW Fredersdorf/Vogelsdorf"]
[BlackTeam "TSG Neuruppin"]

1. e4 c5 2. c3 e5 3. d4 cxd4 4. cxd4 exd4 5. Nf3 Nc6 6. Nxd4 Nf6 7. Nxc6 dxc6
8. Qxd8+ Kxd8 9. f3 Be6 10. Nc3 Bb4 11. Bd2 Nd7 12. Rd1 f6 13. f4 a5 14. a3 Bd6
15. Be3 Ke7 16. Bd3 Bc5 17. Kf2 Rhd8 18. Rhe1 Bb3 19. Rd2 Bxe3+ 20. Rxe3 Nc5
21. Ke1 Rd4 22. Ne2 Rd7 23. e5 Rad8 24. exf6+ Kxf6 25. Nc1 Bc4 26. Ke2 Bxd3+
27. Nxd3 Nb3 28. Rd1 {(=)} Nd4+ 29. Kf2 {Rest unleserlich/unklar.} 0-1

[Event "BSenEM 2014"]
[Site "Berlin"]
[Date "2014.01.30"]
[Round "1.2"]
[White "Reichenbach, Werner"]
[Black "Krüger, Detlef"]
[Result "1-0"]
[WhiteElo "2183"]
[BlackElo "1664"]
[Annotator "Jaeger,André"]
[PlyCount "73"]
[EventDate "2014.01.30"]
[WhiteTeam "SC Oberkrämer"]
[BlackTeam "TSG RW Fredersdorf/Vogelsdorf"]

1. e4 e5 2. Nf3 Nc6 3. Bb5 a6 4. Ba4 Nf6 5. O-O Bc5 6. c3 b5 7. Bb3 d6 8. d4
exd4 9. cxd4 Bb6 10. h3 h6 11. Nc3 O-O 12. a3 Re8 13. Re1 Bb7 14. Bc2 b4 15.
axb4 Nxb4 16. Bb1 Qd7 17. Bf4 Nc6 18. Qd2 Qe7 19. Nd5 Qd8 20. Nc3 Na5 21. Qc2
d5 22. e5 Ne4 23. Nxe4 dxe4 24. Rxe4 Bxe4 25. Qxe4 Re6 26. Ba2 Qe8 27. b4 Nc6
28. d5 f5 29. Qxf5 Nd4 30. Nxd4 Bxd4 31. Re1 Rf6 32. Qe4 Rxf4 33. Qxf4 Bb6 34.
d6+ Kh8 35. Bf7 Qf8 36. e6 Re8 37. e7 1-0

[Event "BSenEM 2014"]
[Site "Berlin"]
[Date "2014.01.30"]
[Round "1.3"]
[White "Prix, Siegfried"]
[Black "Rahls, Peter"]
[Result "1/2-1/2"]
[WhiteElo "1661"]
[BlackElo "2169"]
[Annotator "Jaeger,André"]
[PlyCount "181"]
[EventDate "2014.01.30"]
[WhiteTeam "Sfrd. Berlin 1903 e.V."]
[BlackTeam "SK Zehlendorf e.V."]

1. e4 c5 2. c4 e6 3. Nf3 d5 4. exd5 exd5 5. d4 Nf6 6. Nc3 cxd4 7. Qxd4 Nc6 8.
Qe3+ Be6 9. cxd5 Nxd5 10. Nxd5 Qxd5 11. Be2 Bb4+ 12. Bd2 Rd8 13. Bc3 O-O 14.
O-O Qa5 15. Rfc1 Rfe8 16. Bxb4 Qxb4 17. Rd1 Qxb2 18. Rab1 Rxd1+ 19. Rxd1 Qxa2
20. Bd3 Qa5 21. h4 Qh5 22. Rb1 Bd7 23. Qf4 Bg4 24. Rxb7 Bxf3 25. gxf3 Ne5 26.
Be4 a5 27. Ra7 f6 28. Bd5+ Kh8 29. Rxa5 Ng6 30. Qg4 Qe5 31. Qe4 Nxh4 32. Qxe5
fxe5 33. Be4 g6 34. Kh2 Nf5 35. Bxf5 gxf5 36. Ra7 Re6 37. Rf7 f4 38. Kh3 Kg8
39. Ra7 Rg6 40. Re7 Rg5 41. Ra7 {(=)} h6 42. Re7 Kf8 43. Rh7 Rg6 44. Ra7 Rf6
45. Kg4 Ke8 46. Rb7 Kd8 47. Ra7 Ke8 48. Rb7 h5+ 49. Kxh5 Rf7 {(=)} 50. Rb5 Re7
51. Kg5 Kd7 52. Kf6 Re6+ 53. Kf5 Rh6 54. Rb7+ Kc6 55. Re7 Kd6 56. Ra7 Rh2 57.
Ra6+ Kd5 58. Ra5+ Kd4 59. Ra4+ Kd5 60. Re4 Rh5+ 61. Kf6 Kd6 62. Re2 Rh3 63.
Rd2+ Kc5 64. Kxe5 Rxf3 65. Ke4 Rh3 66. Kxf4 Rh6 67. f3 Kc6 68. Kg5 Rh8 69. f4
Rg8+ 70. Kf6 Rf8+ 71. Ke5 Re8+ 72. Kf5 Rf8+ 73. Kg4 Rg8+ 74. Kf3 Rf8 75. Rd4
Kc5 76. Ra4 Kd6 77. Ra5 Ke6 78. Ke4 Rb8 79. Ra6+ Kf7 80. Kf5 Rb5+ 81. Kg4 Rb7
82. Kg5 Rc7 83. f5 Rb7 84. Rh6 Rb1 85. Rh7+ Kg8 86. Rc7 Rb6 87. Ra7 Rc6 88. f6
Rc1 89. Rg7+ Kf8 90. Ra7 Rg1+ 91. Kh6 1/2-1/2

[Event "BSenEM 2014"]
[Site "Berlin"]
[Date "2014.01.30"]
[Round "1.4"]
[White "Witte, Manfred"]
[Black "Langer, Guenter"]
[Result "1/2-1/2"]
[WhiteElo "2140"]
[BlackElo "1657"]
[Annotator "Jaeger,André"]
[PlyCount "43"]
[EventDate "2014.01.30"]
[WhiteTeam "VfB Hermsdorf e.V."]
[BlackTeam "TSG Oberschöneweide e.V."]

1. e4 c6 2. Nf3 d5 3. exd5 cxd5 4. Ne5 Nf6 5. d4 a6 6. Bd3 Nc6 7. c3 e6 8. O-O
Be7 9. Nd2 O-O 10. Re1 Qc7 11. Ndf3 b5 12. Nxc6 Qxc6 13. Ne5 Qb6 14. a3 Qb7 15.
Re3 Ne4 16. Rh3 g6 17. Bh6 Re8 18. Re3 Bf8 19. Bxf8 Rxf8 20. Bxe4 dxe4 21. Qe2
f6 22. Ng4 1/2-1/2

[Event "BSenEM 2014"]
[Site "Berlin"]
[Date "2014.01.30"]
[Round "1.5"]
[White "Kurbel, Horst-Peter"]
[Black "Postler, Reinhard"]
[Result "0-1"]
[WhiteElo "1652"]
[BlackElo "2138"]
[Annotator "Jaeger,André"]
[PlyCount "104"]
[EventDate "2014.01.30"]
[WhiteTeam "FC Bayern München e.V."]
[BlackTeam "TSG Oberschöneweide e.V."]

1. d4 Nf6 2. c4 c5 3. e3 e6 4. Nc3 cxd4 5. exd4 d5 6. cxd5 Nxd5 7. Nxd5 Qxd5 8.
Nf3 Nc6 9. Be2 Bb4+ 10. Bd2 Be7 11. O-O O-O 12. Be3 Bf6 13. Qa4 Rd8 14. Rfd1
Bd7 15. Qc4 Ne7 16. Qxd5 Nxd5 17. Bg5 Bxg5 18. Nxg5 Bc6 19. g3 Rd7 20. Nf3 f6
21. Ne1 Rad8 22. Nc2 Nb6 23. f3 Kf7 24. Kf2 Ba4 25. b3 Bc6 26. a4 Nd5 27. Bc4
Ne7 28. g4 Bd5 29. Rac1 Bxc4 30. bxc4 Nc6 31. Ke3 Na5 32. Na1 Rc7 33. c5 Rcd7
34. Rc3 e5 35. Nc2 Rd5 36. h4 Nc6 37. Rcd3 exd4+ 38. Nxd4 Rxc5 39. Nxc6 Re8+
40. Kf2 Rxc6 41. Rd7+ Re7 42. Rxe7+ Kxe7 43. Rb1 b6 44. a5 Kd6 45. axb6 axb6
46. Rd1+ Kc7 47. g5 b5 48. Rg1 b4 49. gxf6 gxf6 50. Rb1 Rb6 51. Ke3 b3 52. Kd3
Kd6 0-1

[Event "BSenEM 2014"]
[Site "Berlin"]
[Date "2014.01.30"]
[Round "1.6"]
[White "Meißner, Hans-Jürgen"]
[Black "Wolf, Wilfried"]
[Result "1-0"]
[WhiteElo "2110"]
[BlackElo "1634"]
[Annotator "Jaeger,André"]
[PlyCount "69"]
[EventDate "2014.01.30"]
[WhiteTeam "SV Empor Berlin e.V."]
[BlackTeam "Betriebsschach Berlin"]

1. e4 e5 2. Nf3 Nc6 3. Bb5 d6 4. O-O Nf6 5. Re1 Be7 6. c3 O-O 7. h3 Bd7 8. Ba4
a6 9. d4 exd4 10. cxd4 Na7 11. Bc2 Ne8 12. Nc3 c6 13. Bf4 Be6 14. Qd2 Bf6 15.
Rad1 Nc7 16. Bb1 Kh8 17. Ng5 Bxg5 18. Bxg5 f6 19. Bh4 Qd7 20. Bg3 Rad8 21. Qc2
Bg8 22. e5 fxe5 23. dxe5 d5 24. f4 g6 25. Ne4 Ne8 26. Nc5 Qe7 27. Qf2 Ra8 28.
Bh4 Qc7 29. Bg5 Ng7 30. Bf6 b6 31. Na4 Rab8 32. Qh4 Rxf6 33. exf6 Nf5 34. Bxf5
gxf5 35. Re7 1-0

[Event "BSenEM 2014"]
[Site "Berlin"]
[Date "2014.01.30"]
[Round "1.7"]
[White "Müller, Erhard"]
[Black "Grottke, Dr. Hans-Joachim"]
[Result "0-1"]
[WhiteElo "1629"]
[BlackElo "2110"]
[Annotator "Jaeger,André"]
[PlyCount "76"]
[EventDate "2014.01.30"]
[WhiteTeam "SG Wedding e.V."]
[BlackTeam "SC Empor Potsdam 1952 e.V."]

1. d4 d5 2. Nf3 Nf6 3. c4 c6 4. cxd5 cxd5 5. Nc3 Nc6 6. Bg5 e6 7. e3 Be7 8. Bd3
Bd7 9. Rc1 h6 10. Bh4 Rc8 11. h3 a6 12. O-O Nh5 13. Bxe7 Qxe7 14. Na4 Nf6 15.
a3 O-O 16. b4 Nxd4 17. exd4 Rxc1 18. Qxc1 Bxa4 19. Qc5 Qxc5 20. bxc5 Nd7 21.
Rb1 Bc6 22. a4 g5 23. a5 Kg7 24. Re1 Re8 25. g4 f6 26. h4 Kf8 27. h5 Re7 28.
Bg6 Bb5 29. Kg2 Nb8 30. Kg3 Nc6 31. Ra1 Be2 32. Ra4 Bd1 33. Ra3 Bxf3 34. Rxf3
Kg7 35. Rd3 Nxa5 36. f4 Nc6 37. Kf3 gxf4 38. Kxf4 Nxd4 0-1

[Event "BSenEM 2014"]
[Site "Berlin"]
[Date "2014.01.30"]
[Round "1.8"]
[White "Höckendorf, Hartmut"]
[Black "Klevenow, Hellmut"]
[Result "1/2-1/2"]
[WhiteElo "2085"]
[BlackElo "1629"]
[Annotator "Jaeger,André"]
[PlyCount "55"]
[EventDate "2014.01.30"]
[WhiteTeam "BSG Pneumant Fürstenwalde e.V."]
[BlackTeam "SV Königsjäger Süd-West e.V."]

1. e4 d6 2. d4 Nf6 3. Nc3 g6 4. Be2 Bg7 5. g4 h6 6. Be3 Nbd7 7. f4 c5 8. e5 Nh7
9. Nf3 cxd4 10. Bxd4 dxe5 11. fxe5 Nb6 12. e6 O-O 13. exf7+ Rxf7 14. Bxg7 Qxd1+
15. Rxd1 Kxg7 16. h3 Be6 17. Rd4 Nf6 18. Ne5 Rff8 19. Bd3 Bf7 20. O-O Rad8 21.
Rxd8 Rxd8 22. a3 Be8 23. Re1 Nfd5 24. Nxd5 Nxd5 25. Bc4 Nf4 26. Nd3 Nxd3 27.
Bxd3 Kf6 28. Kf2 1/2-1/2

[Event "BSenEM 2014"]
[Site "Berlin"]
[Date "2014.01.30"]
[Round "1.9"]
[White "Krempelsetzer, Klaus"]
[Black "Albrecht, Rainer"]
[Result "1/2-1/2"]
[WhiteElo "1624"]
[BlackElo "2083"]
[Annotator "Jaeger,André"]
[PlyCount "48"]
[EventDate "2014.01.30"]
[WhiteTeam "SG Eckturm"]
[BlackTeam "SC Kreuzberg e.V."]

1. Nf3 e6 2. c4 f5 3. Nc3 Nf6 4. d4 Bb4 5. Qb3 Qe7 6. a3 Bxc3+ 7. Qxc3 b6 8.
Bg5 O-O 9. g3 Bb7 10. Bg2 d6 11. O-O Nbd7 12. Nd2 Bxg2 13. Kxg2 h6 14. Bxf6
Qxf6 15. f4 c5 16. Nf3 Rfe8 17. Rad1 Rad8 18. Rfe1 Nb8 19. e4 fxe4 20. Rxe4 Nc6
21. Rde1 cxd4 22. Nxd4 Nxd4 23. Qxd4 Qxd4 24. Rxd4 Kf7 1/2-1/2

[Event "BSenEM 2014"]
[Site "Berlin"]
[Date "2014.01.30"]
[Round "1.10"]
[White "Kollberg, Lothar"]
[Black "Sube, Günter"]
[Result "1-0"]
[WhiteElo "2037"]
[BlackElo "1622"]
[Annotator "Jaeger,André"]
[PlyCount "53"]
[EventDate "2014.01.30"]
[WhiteTeam "SC Rotation Pankow e.V."]
[BlackTeam "SV Bau-Union e.V."]

1. d4 Nf6 2. c4 e6 3. Nc3 Bb4 4. e3 c5 5. Bd3 d5 6. cxd5 Nxd5 7. Nge2 cxd4 8.
exd4 Qa5 9. Bd2 Bd7 10. O-O Nc6 11. a3 Nxc3 12. bxc3 Bd6 13. Ng3 Qc7 14. Qg4 g6
15. Bg5 h5 16. Qh4 Be7 17. Bxe7 Nxe7 18. Qf6 Rf8 19. c4 Ng8 20. Qg5 Qd8 21. Qe5
Qb8 22. Qe3 Qc7 23. d5 b6 24. dxe6 Bxe6 25. Bxg6 fxg6 26. Qxe6+ Ne7 27. Rfe1
1-0

[Event "BSenEM 2014"]
[Site "Berlin"]
[Date "2014.01.30"]
[Round "1.11"]
[White "Garms, Ilse"]
[Black "Welz, Dr. Peter"]
[Result "0-1"]
[WhiteElo "1610"]
[BlackElo "2025"]
[Annotator "Jaeger,André"]
[PlyCount "122"]
[EventDate "2014.01.30"]
[WhiteTeam "ESV 1949 Eberswalde e.V."]
[BlackTeam "SV Empor Berlin e.V."]

1. d4 f5 2. c3 Nf6 3. g3 g6 4. Bg2 Bg7 5. Nf3 O-O 6. O-O d5 7. Na3 c6 8. Qb3
Ne4 9. Nd2 Kh8 10. Nxe4 fxe4 11. e3 Nd7 12. c4 e6 13. cxd5 exd5 14. Bd2 Nf6 15.
f3 exf3 16. Bxf3 Bh3 17. Bg2 Qd7 18. Rae1 h5 19. Qd1 Ne4 20. Nc2 Bg4 21. Qc1
Ng5 22. Rf4 Rxf4 23. exf4 Nf3+ 24. Bxf3 Bxf3 25. Re3 Be4 26. Bc3 Rf8 27. Rxe4
dxe4 28. Qe3 Re8 29. Ne1 Kg8 30. Ng2 Bf6 31. a3 b6 32. Ne1 h4 33. Nc2 Qg4 34.
Nb4 hxg3 35. Qxg3 Qxg3+ 36. hxg3 c5 37. dxc5 Bxc3 38. bxc3 bxc5 39. Nd5 Kf7 40.
Kf2 Rb8 41. Ke3 Rb3 42. Kxe4 Rxa3 43. g4 Ra1 44. Ke5 a5 45. Kd6 a4 46. Kxc5 a3
47. Nb4 Rb1 48. Na2 Rb2 49. Nc1 a2 50. Nxa2 Rxa2 51. Kd5 Rg2 52. g5 Rd2+ 53.
Ke5 Re2+ 54. Kd5 Rf2 55. Ke5 Ke7 56. c4 Re2+ 57. Kd5 Kd7 58. c5 Re6 59. c6+
Rxc6 60. Ke5 Re6+ 61. Kd5 Re1 0-1

[Event "BSenEM 2014"]
[Site "Berlin"]
[Date "2014.01.30"]
[Round "1.12"]
[White "Püschel, Werner"]
[Black "Kujawa, Werner"]
[Result "1-0"]
[WhiteElo "2008"]
[BlackElo "1609"]
[Annotator "Jaeger,André"]
[PlyCount "60"]
[EventDate "2014.01.30"]
[WhiteTeam "SG Lasker Steglitz-Wilmersdorf"]
[BlackTeam "SV Motor Wildau e.V."]

1. e4 c5 2. Nf3 d6 3. Bb5+ Bd7 4. a4 a6 5. Bxd7+ Qxd7 6. O-O Nc6 7. Nc3 e6 8.
d3 Nf6 9. Re1 Be7 10. h3 O-O 11. Bf4 d5 12. e5 Ne8 13. Bg3 Nc7 14. a5 Rab8 15.
Bh4 b5 16. axb6 Rxb6 17. Bxe7 Qxe7 18. b3 c4 19. dxc4 dxc4 20. bxc4 Rd8 21. Qe2
Rb4 22. Ne4 f5 23. exf6 gxf6 24. c3 Rbb8 25. c5 a5 26. Nd6 e5 27. Qc4+ Qe6 28.
Qa4 Qd7 29. Rad1 Ne6 30. Ne4 Ncd4 1-0

[Event "BSenEM 2014"]
[Site "Berlin"]
[Date "2014.01.30"]
[Round "1.13"]
[White "Korb, Viktor"]
[Black "Shapiro, Yosip"]
[Result "0-1"]
[WhiteElo "1602"]
[BlackElo "2005"]
[Annotator "Jaeger,André"]
[PlyCount "139"]
[EventDate "2014.01.30"]
[WhiteTeam "SF Siemensstadt"]
[BlackTeam "SV Berolina Mitte e.V."]

1. e4 c6 2. d4 d5 3. e5 Bf5 4. Nf3 e6 5. Be2 Nd7 6. O-O Ne7 7. Be3 Bg6 8. c4
Nf5 9. Bg5 Be7 10. Bxe7 Qxe7 11. c5 O-O 12. Nc3 b6 13. b4 a5 14. a3 f6 15. g4
Nh6 16. Nh4 fxe5 17. Nxg6 hxg6 18. dxe5 bxc5 19. bxc5 Qxc5 20. Na4 Qa7 21. Kg2
Rf4 22. Rc1 Raf8 23. f3 Nxe5 24. Nc5 Qf7 25. Nd3 Nxd3 26. Qxd3 e5 27. h3 e4 28.
fxe4 Rf2+ 29. Rxf2 Qxf2+ 30. Kh1 Re8 31. Rf1 Qc5 32. Bf3 d4 33. Rd1 Rd8 34. Be2
Kh7 35. Qf3 Qe7 36. Bc4 Rf8 37. Qd3 c5 38. Bd5 Nf7 39. Bxf7 Qxf7 40. Rc1 Qf2
41. Rc2 Qf1+ 42. Qxf1 Rxf1+ 43. Kg2 Ra1 44. Rxc5 Rxa3 45. Rd5 d3 46. h4 Kg8 47.
Kf2 Kf7 48. Ke3 Ke6 49. Kd2 a4 50. h5 gxh5 51. gxh5 Rb3 52. Ra5 a3 53. Kc1 Kd6
54. Ra7 Ke5 55. Ra4 Kf4 56. Kd2 Rb5 57. Kxd3 Rxh5 58. Kc2 Rh3 59. Kb1 Re3 60.
Ka2 g5 61. e5+ Kxe5 62. Ra8 g4 63. Re8+ Kf4 64. Rf8+ Ke4 65. Re8+ Kf3 66. Rf8+
Ke2 67. Rg8 g3 68. Rg7 Kf2 69. Rc7 g2 70. Rf7+ 0-1

[Event "BSenEM 2014"]
[Site "Berlin"]
[Date "2014.01.30"]
[Round "1.14"]
[White "Allgaier, Erik"]
[Black "Schrodt, Horst"]
[Result "1-0"]
[WhiteElo "1991"]
[BlackElo "1594"]
[Annotator "Jaeger,André"]
[PlyCount "43"]
[EventDate "2014.01.30"]
[WhiteTeam "Betriebsschach Berlin"]
[BlackTeam "SC Eintracht Berlin e.V."]

1. c4 c6 2. g3 d5 3. Bg2 dxc4 4. Na3 Nf6 5. Nxc4 Bf5 6. Nf3 e6 7. O-O Be7 8. d3
h6 9. Qb3 Qc8 10. Nd4 O-O 11. Na5 Rd8 12. Nxf5 exf5 13. Qxb7 Qxb7 14. Nxb7 Rc8
15. Na5 Nd5 16. Nxc6 Nxc6 17. Bxd5 Rab8 18. Be3 Rxb2 19. Rac1 Rxe2 20. a4 Rd8
21. Bxc6 Rxd3 22. Bb5 1-0

[Event "BSenEM 2014"]
[Site "Berlin"]
[Date "2014.01.30"]
[Round "1.15"]
[White "Kranch, Klaus"]
[Black "Dombrowsky, Michael"]
[Result "0-1"]
[WhiteElo "1593"]
[BlackElo "1981"]
[Annotator "Jaeger,André"]
[PlyCount "108"]
[EventDate "2014.01.30"]
[WhiteTeam "SC Rochade e.V."]
[BlackTeam "Bergstedter SK von 1962"]

1. c4 e5 2. Nc3 d6 3. g3 g6 4. Bg2 Bg7 5. e3 f5 6. Nge2 Nf6 7. O-O O-O 8. f4 c6
9. d4 e4 10. d5 Na6 11. Nd4 Qc7 12. Re1 Nc5 13. Bf1 a5 14. Rb1 Qb6 15. a3 a4
16. b4 axb3 17. Nxb3 Nxb3 18. Rxb3 Qc7 19. Bb2 Nd7 20. Nb1 Nc5 21. Bxg7 Qxg7
22. Rb4 Rd8 23. Qd2 Qf6 24. Rd1 {(=)} Kf7 25. Qd4 Ke7 26. Kf2 Bd7 27. Qxf6+
Kxf6 28. Rb2 Ke7 29. Be2 Ra6 30. h3 Bc8 31. Kg2 Na4 32. Rb3 Rb6 33. Rxb6 Nxb6
34. Nc3 Kd7 35. g4 Kc7 36. g5 Bd7 37. h4 Ra8 38. Ra1 c5 39. Kf2 Ba4 40. Rc1 Be8
41. Nb1 Ra6 42. Ke1 Na4 43. Kd2 Rb6 44. Bd1 Nb2 45. Be2 Rb3 46. Rh1 Nd3 47.
Bxd3 Rxd3+ 48. Ke2 Rb3 49. Kd2 Rb2+ 50. Kc3 Re2 51. Rh3 Kb6 52. Kb3 Ka5 53. Nc3
Rd2 54. Nb1 Ba4+ 0-1

[Event "BSenEM 2014"]
[Site "Berlin"]
[Date "2014.01.30"]
[Round "1.16"]
[White "Burger, Heinrich"]
[Black "Pöltelt, Dr. Helmut"]
[Result "1-0"]
[WhiteElo "1961"]
[BlackElo "1592"]
[Annotator "Jaeger,André"]
[PlyCount "89"]
[EventDate "2014.01.30"]
[WhiteTeam "VfB Hermsdorf e.V."]
[BlackTeam "SC Eintracht Berlin e.V."]

1. d4 Nf6 2. c4 g6 3. g3 d5 4. cxd5 Nxd5 5. Bg2 Bg7 6. Nf3 O-O 7. O-O c6 8. Nc3
Nxc3 9. bxc3 c5 10. Rb1 cxd4 11. cxd4 e6 12. Ba3 Re8 13. e3 Nc6 14. Nd2 Na5 15.
Qe2 Rb8 16. Bb4 Bf8 17. Bc3 Bd7 18. Ne4 Be7 19. Nc5 Bc6 20. e4 a6 21. Rfd1 Bb5
22. Qe1 Nc4 23. a4 Bc6 24. Qf1 Nd6 25. d5 exd5 26. exd5 Bd7 27. Nxd7 Qxd7 28.
a5 Nb5 29. Be5 Bd6 30. Bxd6 Qxd6 31. Rbc1 Rbc8 32. h4 Nc3 33. Re1 Qb4 34. h5
Qb2 35. Kh2 Kg7 36. d6 Rxe1 37. Qxe1 Qb5 38. Rxc3 Qxh5+ 39. Kg1 Qxa5 40. Re3
Qxe1+ 41. Rxe1 Rd8 42. Rd1 Rd7 43. Bxb7 a5 44. Bc6 Rd8 45. d7 1-0

[Event "BSenEM 2014"]
[Site "Berlin"]
[Date "2014.01.30"]
[Round "1.17"]
[White "Kasper, Peter"]
[Black "Trefzer, Erhard"]
[Result "0-1"]
[WhiteElo "1587"]
[BlackElo "1961"]
[Annotator "Jaeger,André"]
[PlyCount "84"]
[EventDate "2014.01.30"]
[WhiteTeam "SG Eckturm"]
[BlackTeam "SV Besigheim"]

1. b4 e5 2. Bb2 Bxb4 3. Bxe5 Nf6 4. e3 Nc6 5. Bb2 O-O 6. Nf3 d6 7. Be2 Qe7 8.
O-O h6 9. h3 Rd8 10. c4 Ne5 11. d4 Ng6 12. Bd3 Nf8 13. Qc2 c6 14. Nbd2 Ba5 15.
d5 Bb6 16. a4 Bd7 17. Bf5 cxd5 18. Bxf6 Qxf6 19. Bxd7 Nxd7 20. cxd5 Rdc8 21.
Qa2 Rc7 22. Rac1 Rac8 23. Rxc7 Rxc7 24. Qb1 Bc5 25. Rc1 b6 26. Nd4 Ne5 27. Ne4
{(=)} Qd8 28. Nb5 Rd7 29. Nd4 Rc7 30. Qc2 Rb7 31. Qc3 Qe8 32. Nb5 Rd7 33. Nd4
Ng6 34. Ng3 Qe5 35. Nge2 Qxd5 36. Rd1 Qb7 37. Nf5 f6 38. Neg3 d5 39. Nxh6+ gxh6
40. Qxf6 Kh7 41. h4 Rf7 42. Qe6 Qd7 0-1

[Event "BSenEM 2014"]
[Site "Berlin"]
[Date "2014.01.30"]
[Round "1.18"]
[White "Schulz, Wolfgang"]
[Black "Windmüller, Werner"]
[Result "1-0"]
[WhiteElo "1954"]
[BlackElo "1581"]
[Annotator "Jaeger,André"]
[PlyCount "127"]
[EventDate "2014.01.30"]
[WhiteTeam "Hamburger SK von 1830 eV"]
[BlackTeam "SV Berolina Mitte e.V."]

1. e4 e5 2. Nf3 d6 3. Bc4 c6 4. O-O Be7 5. c3 b5 6. Bb3 Nf6 7. Re1 h6 8. d4
Nbd7 9. Nbd2 Qc7 10. a4 Bb7 11. axb5 cxb5 12. d5 a5 13. Qe2 Qb6 14. Nf1 Ba6 15.
Be3 Qd8 16. N3d2 Rc8 17. Ng3 g6 18. Bc2 Rb8 19. b4 a4 20. Bxa4 bxa4 21. Qxa6
Ra8 22. Qb5 a3 23. Nc4 Kf8 24. Rxa3 Rxa3 25. Nxa3 Kg7 26. Nc4 Qc7 27. Rc1 Rb8
28. Qc6 Ne8 29. Qxc7 Nxc7 30. Na5 Bf6 31. Ne2 Bg5 32. Bxg5 hxg5 33. f3 f5 34.
Kf2 fxe4 35. fxe4 Nf6 36. Kf3 g4+ 37. Ke3 Rh8 38. Rh1 Ra8 39. Kd3 Na6 40. Nc4
Ne8 41. h3 gxh3 42. gxh3 Kh6 43. h4 Ra7 44. h5 Rf7 45. hxg6+ Kxg6 46. Rg1+ Kf6
47. Rf1+ Ke7 48. Rxf7+ Kxf7 49. Ng3 Ke7 50. Nf5+ Kd7 51. Kc2 Nac7 52. Nb6+ Kd8
53. c4 Na6 54. Kb3 Kc7 55. Na4 Nf6 56. Nc3 Kd7 57. Ka4 Nc7 58. Ka5 Nfe8 59. c5
Na8 60. c6+ Kd8 61. Nb5 Nac7 62. Nfxd6 Nxd6 63. Nxd6 Ke7 64. Nc4 1-0

[Event "BSenEM 2014"]
[Site "Berlin"]
[Date "2014.01.30"]
[Round "1.19"]
[White "Andrasch, Peter"]
[Black "Jaeger, Andre"]
[Result "0-1"]
[WhiteElo "1574"]
[BlackElo "1936"]
[PlyCount "74"]
[EventDate "2014.01.30"]
[WhiteTeam "Sfr.Nord-Ost Berlin"]
[BlackTeam "SC Rochade e.V."]

1. f4 d5 2. Nf3 Bg4 3. e3 Nd7 4. Be2 c6 5. O-O Bxf3 6. Bxf3 e5 7. fxe5 Nxe5 8.
b3 Nf6 9. Bb2 Bd6 10. Kh1 h5 11. Bxe5 Bxe5 12. d4 Bc7 13. Qe1 Qd6 14. g3 O-O-O
15. Qf2 Kb8 16. Nd2 Ng4 17. Bxg4 hxg4 18. Rg1 Rh3 19. Rg2 Rdh8 20. Rf1 Rxg3 21.
Rxg3 Qxg3 22. Qxg3 Bxg3 23. Kg2 Rxh2+ 24. Kxg3 Rxd2 25. Rxf7 Rxc2 26. Rf2 Rxf2
27. Kxf2 Kc7 28. Kg3 Kd6 29. Kxg4 Ke6 30. Kg5 Kf7 31. a4 a5 32. Kf5 g6+ 33. Ke5
Ke7 34. Kf4 Kf6 35. Kg4 g5 36. Kg3 Kf5 37. Kf3 g4+ 0-1

[Event "BSenEM 2014"]
[Site "Berlin"]
[Date "2014.01.30"]
[Round "1.20"]
[White "Roth, Joachim"]
[Black "Wölfert, Jürgen"]
[Result "1/2-1/2"]
[WhiteElo "1919"]
[BlackElo "1571"]
[Annotator "Jaeger,André"]
[PlyCount "93"]
[EventDate "2014.01.30"]
[WhiteTeam "Betriebsschach Berlin"]
[BlackTeam "SC Oberkrämer"]

1. d4 Nf6 2. Nf3 g6 3. e3 Bg7 4. Bd3 d6 5. O-O O-O 6. c3 Nbd7 7. Nbd2 e5 8. b4
Re8 9. e4 d5 10. Re1 dxe4 11. Nxe4 Nxe4 12. Bxe4 exd4 13. cxd4 Nb6 14. Bb2 c6
15. Ne5 Be6 16. Qf3 f5 17. Bc2 Bd5 18. Bb3 Qf6 19. a4 Kh8 20. Bxd5 Nxd5 21. b5
Rad8 22. bxc6 bxc6 23. Rac1 Re6 24. h4 Kg8 25. h5 g5 26. g4 f4 27. Nd3 Rde8 28.
Rxe6 Qxe6 29. Ne5 Rc8 30. Re1 Bf8 31. Nd3 Qf6 32. Re5 Rb8 33. Qe4 Qd8 34. Qf5
Nb4 35. Qxg5+ Qxg5 36. Rxg5+ Kf7 37. Rf5+ Kg8 38. Nc5 Bxc5 39. dxc5 Nd3 40. Bc3
Rb3 41. Ba5 Ra3 42. Kf1 Ra2 43. Bc7 Rxf2+ 44. Kg1 f3 45. Bd6 Rg2+ 46. Kf1 Rf2+
47. Kg1 1/2-1/2

[Event "BSenEM 2014"]
[Site "Berlin"]
[Date "2014.01.30"]
[Round "1.21"]
[White "Pfüller, Volker"]
[Black "Richter, Hans-Peter"]
[Result "0-1"]
[WhiteElo "1564"]
[BlackElo "1914"]
[Annotator "Jaeger,André"]
[PlyCount "50"]
[EventDate "2014.01.30"]
[WhiteTeam "SC Rochade e.V."]
[BlackTeam "SV Königsjäger Süd-West e.V."]

1. b4 e5 2. Bb2 d6 3. c4 Nf6 4. e3 Be7 5. Be2 O-O 6. Nf3 e4 7. Nd4 c5 8. Nc2 b6
9. Nc3 Bb7 10. O-O Nbd7 11. d4 exd3 12. Qxd3 Ne5 13. Qd1 cxb4 14. Nxb4 Rc8 15.
Qd4 Re8 16. Rac1 Rc5 17. Rfd1 Qc8 18. Nb5 Rd8 19. a3 a6 20. Nc3 Nxc4 21. Ncd5
Nxd5 22. Nxd5 Rxd5 23. Qxc4 Rxd1+ 24. Bxd1 Qxc4 25. Rxc4 d5 {Rest unklar.} 0-1

[Event "BSenEM 2014"]
[Site "Berlin"]
[Date "2014.01.30"]
[Round "1.22"]
[White "Lohse, Steffen"]
[Black "Schweitzer, Paul"]
[Result "1/2-1/2"]
[WhiteElo "1907"]
[BlackElo "1563"]
[Annotator "Jaeger,André"]
[PlyCount "120"]
[EventDate "2014.01.30"]
[WhiteTeam "Betriebsschach Berlin"]
[BlackTeam "SV Königsjäger Süd-West e.V."]

1. d4 d5 2. e3 Nc6 3. f4 Nf6 4. c3 h5 5. Nf3 Bg4 6. Nbd2 e6 7. Qa4 Bd6 8. Ne5
O-O 9. Bd3 Bxe5 10. fxe5 Nd7 11. O-O g6 12. Nf3 Bf5 13. Qc2 Na5 14. e4 dxe4 15.
Bxe4 c5 16. Bxf5 exf5 17. Bg5 Qb6 18. b3 cxd4 19. cxd4 Rac8 {(=)} 20. Qd2 Nc6
21. Be3 Qa5 22. Qb2 Ne7 23. Rfc1 Nd5 24. Bd2 Qb6 25. Kh1 Qa6 26. Bh6 Rfe8 27.
Qd2 f4 28. Bxf4 Nxf4 29. Qxf4 Qd3 30. Qd2 Qe4 31. Re1 Qd5 32. Rac1 Rc6 33. Rxc6
bxc6 34. h3 a5 35. Qc3 Rb8 36. Rc1 a4 37. Qxc6 Qxc6 38. Rxc6 axb3 39. axb3 Rxb3
40. Rc7 Rb1+ 41. Kh2 Nf8 42. Rc2 Rb5 43. Kg3 Ne6 44. Kf2 g5 45. g3 Rd5 46. Ke3
Ra5 47. Rd2 g4 48. hxg4 hxg4 49. Nh2 Ng7 50. Nxg4 Ra3+ 51. Kf2 Nf5 52. Nf6+ Kg7
53. Ne4 Rb3 54. g4 Nh4 55. d5 Nf3 56. Rd1 Nxe5 57. d6 Nxg4+ 58. Kg1 Ne5 59. d7
Nxd7 60. Rxd7 Re3 1/2-1/2

[Event "BSenEM 2014"]
[Site "Berlin"]
[Date "2014.01.30"]
[Round "1.23"]
[White "Olschewsky, Roman"]
[Black "Grabinger, Hartmut"]
[Result "0-1"]
[WhiteElo "1561"]
[BlackElo "1897"]
[Annotator "Jaeger,André"]
[PlyCount "78"]
[EventDate "2014.01.30"]
[WhiteTeam "SG Wedding e.V."]
[BlackTeam "SK Tempelhof 1931 e.V."]

1. c4 c5 2. g3 g6 3. Bg2 Bg7 4. Nc3 Nc6 5. e4 d6 6. a3 e6 7. Nge2 Nge7 8. Rf1
O-O 9. d3 Rb8 10. Rb1 a5 11. Be3 Nd4 12. Bxd4 cxd4 13. Nb5 e5 14. a4 f5 15. Qd2
Nc6 16. b3 f4 17. f3 h5 18. Rf2 Kh7 19. Kf1 Bh6 20. Qd1 fxg3 21. Nxg3 h4 22.
Ne2 Be3 23. f4 Bxf2 24. Kxf2 Bg4 25. Bf3 Bxf3 26. Kxf3 Qd7 27. Qf1 Rf6 28. Qg2
Rbf8 29. Rg1 Qg7 30. f5 Qh6 31. Kf2 gxf5 32. exf5 Rxf5+ 33. Ke1 Nb4 34. Qxb7+
Kh8 35. Qe4 Nc2+ 36. Kd1 Ne3+ 37. Kc1 Nxc4+ 38. Nf4 Rxf4 39. Rg6 Rf1+ 0-1